00541nam a22002177a 450000500170000001000110001702000220002803500110005003700160006104000120007708200110008910000210010024500680012126000350018927000340022430000200025850000060027865000160028465000100030070000130031020170124110119.0 a907271 c00.00a0701122374 a907271 bCen Lib/Ret aDPLbEN aNbWOD aWodehouse, P. G. aSunset at bladings /cby P.G. Wodehouse; illustrated by Lonicus aLondon bChatto & windusc1977 bLondon a40 William iv street a213p.c18cm(Hb) a  aLiterature  aNovel aIonicus